000 00453nam a2200181 a 4500
001 1765947748860
003 ACL
005 20251217103440.0
008 251217s2008##################000#0#eng##
020 _a9781598699258
082 0 4 _a641.5
_bLAR
100 1 _aLarsen, Linda,
_eauthor.
245 1 0 _aThe Everything Healthy Cooking for Parties :
260 _bEverything,
_c2008.
650 0 _aCooking.
942 _cENGLISH
040 _aACL
_beng
_cACL
999 _c602902
_d602902